Southville International School and Colleges
Your cart is empty.
  • Cart
  • Lists
    Public lists Eva Luna New books Lux_list list_1
    Your lists Log in to create your own lists
  • Log in to your account
  • Your cookies
  • Search history
Southville International School and Colleges
  • Advanced search
  • Recent comments
  • Most popular
  • Libraries

Log in to your account

Log in with GOOGLE


If you do not have an external account, but do have a local account, you can still log in:

  1. Home
  2. MARC view: Fundamentals of probability and statistics for engineering /
Normal view MARC view ISBD view

Fundamentals of probability and statistics for engineering / (Record no. 288508)

[ view plain ]
MARC details
000 -LEADER
fixed length control field 00682nam a22002057a 4500
003 - CONTROL NUMBER IDENTIFIER
control field PILC
005 - DATE AND TIME OF LATEST TRANSACTION
control field 20150826140125.0
008 - FIXED-LENGTH DATA ELEMENTS--GENERAL INFORMATION
fixed length control field 150826b xxu||||| |||| 00| 0 eng d
020 ## - INTERNATIONAL STANDARD BOOK NUMBER
International Standard Book Number 9714205239
050 ## - LIBRARY OF CONGRESS CALL NUMBER
Classification number QA 276
Item number .F837 2004
100 ## - MAIN ENTRY--PERSONAL NAME
Personal name Frany, Marie-Wendy.
245 ## - TITLE STATEMENT
Title Fundamentals of probability and statistics for engineering /
Statement of responsibility, etc Marie-Wendy J. Frany, Miriam S.P. Galvez, Emy L. Vasquez.
260 ## - PUBLICATION, DISTRIBUTION, ETC. (IMPRINT)
Place of publication, distribution, etc Bulacan :
Name of publisher, distributor, etc Trinitas Publishing, Inc.,
Date of publication, distribution, etc 2004.
300 ## - PHYSICAL DESCRIPTION
Extent 140 pages :
Other physical details illustrations ;
Dimensions 28 cm.
500 ## - GENERAL NOTE
General note Includes bibliographical references.
650 ## - SUBJECT ADDED ENTRY--TOPICAL TERM
Topical term or geographic name as entry element Statistics.
700 ## - ADDED ENTRY--PERSONAL NAME
Personal name Galvez, Mirian S.P.
700 ## - ADDED ENTRY--PERSONAL NAME
Personal name Vasquez, Emy L.
942 ## - ADDED ENTRY ELEMENTS (KOHA)
Source of classification or shelving scheme Library of Congress Classification
Koha item type Books
Call number prefix Filipininana
Holdings
Withdrawn status Lost status Source of classification or shelving scheme Damaged status Home library Current library Shelving location Date acquired Source of acquisition Sub Shelving location Total Checkouts Full call number Barcode Date last seen Price effective from Koha item type
    Library of Congress Classification   College Library College Library Filipiniana Section 08/26/2015 Donation     QA 276 .F837 2004 C19810 05/15/2018 08/26/2015 Books

Fundamentals of probability and statistics for engineering /

APA

Frany M., Galvez M. S. & Vasquez E. L. (2004). Fundamentals of probability and statistics for engineering. Bulacan: Trinitas Publishing, Inc.

Chicago

Frany Marie-Wendy, Galvez Mirian S.P and Vasquez Emy L. 2004. Fundamentals of probability and statistics for engineering. Bulacan: Trinitas Publishing, Inc.

Harvard

Frany M., Galvez M. S. and Vasquez E. L. (2004). Fundamentals of probability and statistics for engineering. Bulacan: Trinitas Publishing, Inc.

MLA

Frany Marie-Wendy, Galvez Mirian S.P and Vasquez Emy L. Fundamentals of probability and statistics for engineering. Bulacan: Trinitas Publishing, Inc. 2004.

  • Place hold
  • Print
  • Cite
  • Add to your cart (remove)
  • Save record
    BIBTEX Dublin Core MARCXML MARC (non-Unicode/MARC-8) MARC (Unicode/UTF-8) MARC (Unicode/UTF-8, Standard) MODS (XML) RIS
  • More searches
    Search for this title in:
    Other Libraries (WorldCat) Other Databases (Google Scholar) Online Stores (Bookfinder.com) Open Library (openlibrary.org)

Exporting to Dublin Core...

SOUTHVILLE LIBRARY

Southville International School and Colleges Library

1281 Tropical Ave. Cor. Luxembourg St., BF Homes International, Las Pinas City

Tel. No. 8256374 / 252358 Loc. 117/146

Powered by Koha